Caracterización de propiedades físicas de la piña (Ananas comosus), de la variedad dorada extra dulce y su relación con el daño mecánico
Đã lưu trong:
| Tác giả chính: | |
|---|---|
| Định dạng: | Sách |
| Được phát hành: |
San José, C.R.
1996
|
| Những chủ đề: | |
| Các nhãn: |
Thêm thẻ
Không có thẻ, Là người đầu tiên thẻ bản ghi này!
|
MARC
| LEADER | 00000nam a2200000Ia 4500 | ||
|---|---|---|---|
| 003 | 008069 | ||
| 005 | 20221231144236.0 | ||
| 008 | 140114s1996 cr a m 000 ||s d | ||
| 040 | |c cru CEDI | ||
| 090 | |a TFG 3566 | ||
| 100 | |a Geesink Arango, Han |9 9758 | ||
| 245 | |a Caracterización de propiedades físicas de la piña (Ananas comosus), de la variedad dorada extra dulce y su relación con el daño mecánico | ||
| 260 | |c 1996 |a San José, C.R. | ||
| 300 | |a xi, [107] hojas : ilustraciones (algunas a color) | ||
| 500 | |a Tesis (licenciatura en ingeniería agrícola)--Universidad de Costa Rica. Facultad de Ingeniería. Escuela de Ingeniería Agrícola | ||
| 650 | |x PIÑA - CULTIVO |x FISICA AGRICOLA |9 9759 | ||
| 942 | |c TFG | ||
| 999 | |c 18951 |d 18951 | ||
